| 000 | 00458nam a2200157 4500 | ||
|---|---|---|---|
| 001 | 112264 | ||
| 003 | ES-MaACL | ||
| 005 | 20230906185503.0 | ||
| 007 | t| | ||
| 008 | 061121s1972 sp r ||||1| spa d | ||
| 100 | 1 |
_aMuñoz Conde, Francisco. _984376 |
|
| 245 | 1 | 3 |
_aEl desestimiento voluntario de consumar el delito / _cFrancisco Muñoz Conde. |
| 260 |
_aBarcelona : _bBosch, _c1972. |
||
| 300 |
_a161 p. ; _c22 m. |
||
| 852 |
_aES-MaACL _jC-49737 _bR.84906 |
||
| 999 |
_c112264 _d112264 |
||